000 00653nam a2200217Ii 4500
001 2789
003 CO-ViMGA
008 241108s9999||||xx |||||||||||||| ||und||
020 _a958907462
040 _aCO-ViMGA
_bspa
_erda
_cCO-ViMGA
041 0 _aspa
082 0 4 _aR 347-C718
110 1 _aColombia [Código de Comercio]
_952900
245 1 0 _aCódigo de Comercio :
_bDecretos 837 y 410 de 1971 y reformas
264 1 _aBogotá, Colombia : Tercer Mundo, 1992
300 _avolumen
336 _atext
_btxt
_2rdacontent
337 _aunmediated
_bn
_2rdamedia
338 _avolume
_bnc
_2rdacarrier
940 _aidficha_siabuc: 2729. -- ficha_no_siabuc:2789
999 _c48012
_d48012